000 00646nam a2200193 i 4500
001 77232
003 ES-MaACL
005 20250802013012.0
007 t|
008 041007s1971 sp af |||| |dspa d
100 1 _aGutiérrez Macías, Valeriano.
_961178
245 1 0 _aAnecdotario de Gabriel y Galán /
_cValeriano Gutiérrez Macías.
260 _aSalamanca :
_b[s.n.,
_c1971] (
_fGraficesa)
300 _a278 p., 1 lám. :
_bil. ;
_c22 cm.
600 1 4 _aGabriel y Galán, José María,
_d1870-1905-
_xCrítica e interpretación
_953159
852 _aES-MaACL
_jC-44252
852 _aES-MaACL
_jC-44241
999 _c77232
_d77232